Sports Quiz

Random Sports or Clickable Quiz

Pro Wrestler Finishing Move Rumble Quiz Stats

 Plays Quiz Updated Nov 6, 2018

Support Sporcle.
Go Orange.
Score 0/55 Timer 09:00
13 Plays Today
% Correct
The Undertaker
89.6%
Triple H
88.2%
The Rock
88.2%
Shawn Michaels
87.9%
Steve Austin
87.6%
Randy Orton
86.4%
Mark Henry
86%
Kurt Angle
84.3%
Bret Hart
83.8%
Brock Lesnar
83.7%
Ric Flair
82.3%
John Cena
81.7%
Dolph Ziggler
81.5%
Sheamus
80.9%
Mick Foley
80.2%
Daniel Bryan
80.1%
Jeff Hardy
79.8%
The Dudley Boyz
78.9%
Chris Jericho
78.6%
CM Punk
78.5%
Hulk Hogan
78.2%
Rob Van Dam
77.8%
Kofi Kingston
76.6%
Sting
75.2%
Chris Benoit
74.6%
Kevin Nash
74.4%
Santino Marella
73%
The Miz
72.7%
% Correct
Rhyno
72.1%
Randy Savage
69.1%
Beth Phoenix
68.6%
Umaga
68.3%
Christian
67.5%
Yokozuna
66.1%
John Morrison
60.8%
Sgt. Slaughter
60.2%
The Road Warriors
58.8%
Rey Mysterio
57.1%
Goldust
55.4%
Hardcore Holly
54.3%
Sabu
53.7%
Abyss
53.6%
Val Venis
53%
Samoa Joe
52.2%
Tajiri
51.1%
Dean Malenko
48.2%
Lance Storm
46.6%
Bam Bam Bigelow
46.5%
Jim Duggan
45.9%
Raven
42.9%
Kharma (Awesome Kong)
42.6%
Petey Williams
40.6%
Jeff Jarrett
37.9%
Keiji Mutoh
28.7%
Mitsuharu Misawa
26.1%

You're not logged in!

Compare scores with friends on all Sporcle quizzes.
OR
Log In
Forgot?

From the Vault

Fictional Characters Who Are Grey

by SporcleEXP

Don't worry, there aren't 50 shades of characters on this quiz, just 15 cute characters that look a little bit depressed.
Remove Ads.
Support Sporcle.
Get the best of Sporcle when you Go Orange. This ad-free experience offers more features, more stats, and more fun while also helping to support Sporcle. Thank you for becoming a member.

Show Comments

Extras

Top Quizzes Today


Score Distribution

Your Account Isn't Verified!

In order to create a playlist on Sporcle, you need to verify the email address you used during registration. Go to your Sporcle Settings to finish the process.

Report this User

Report this user for behavior that violates our Community Guidelines.

Details: